000 00708nab a2200193 4500
001 244442
003 OSt
005 20230815100319.0
007 tu
008 200917s2020|||||||
040 _aDE-2950
_cDE-2950
245 0 0 _aStadt muss Planungssicherheit schaffen
_bInterview. Bernd Vorjans, scheidender Geschäftsführer der Messe- und Veranstaltungs GmbH, zieht Bilanz. Er sieht die Stadt in der Pflicht eine Grundsatzentscheidung zu treffen/
_cHeinz Kannenberg
264 _c2023
653 _aFrankfurt (Oder)
653 _aMesse- und Veranstaltungs GmbH
653 _aBernd Vorjans
773 0 _g34. Jahrgang (2023) Nr. 189 vom 15.08.2023, S. 15, mit Foto
_tMärkische Oderzeitung
942 _2z
_cA
999 _c372684
_d372684